Southville International School and Colleges
Your cart is empty.
  • Cart
  • Lists
    Public lists Eva Luna New books Lux_list list_1
    Your lists Log in to create your own lists
  • Log in to your account
  • Your cookies
  • Search history
Southville International School and Colleges
  • Advanced search
  • Recent comments
  • Most popular
  • Libraries

Log in to your account

Log in with GOOGLE


If you do not have an external account, but do have a local account, you can still log in:

  1. Home
  2. MARC view: Labor relations management and negotiations
Normal view MARC view ISBD view

Labor relations management and negotiations (Record no. 367468)

[ view plain ]
MARC details
000 -LEADER
fixed length control field 00727nam a22002177a 4500
003 - CONTROL NUMBER IDENTIFIER
control field 0
005 - DATE AND TIME OF LATEST TRANSACTION
control field 20250507121821.0
008 - FIXED-LENGTH DATA ELEMENTS--GENERAL INFORMATION
fixed length control field 250507b xxu||||| |||| 00| 0 eng d
020 ## - INTERNATIONAL STANDARD BOOK NUMBER
International Standard Book Number 9786214271382
050 ## - LIBRARY OF CONGRESS CALL NUMBER
Classification number HD 6971
Item number .Se487 2023
100 ## - MAIN ENTRY--PERSONAL NAME
Personal name Serrano, Angelita Ong Camillar
Relator term author
245 ## - TITLE STATEMENT
Title Labor relations management and negotiations
Statement of responsibility, etc Angelita Ong Camilar-Serrano
250 ## - EDITION STATEMENT
Edition statement Second edition
260 ## - PUBLICATION, DISTRIBUTION, ETC. (IMPRINT)
Place of publication, distribution, etc Manila
Name of publisher, distributor, etc Unlimited Books Library Services & Publishing Inc.
Date of publication, distribution, etc c2023
300 ## - PHYSICAL DESCRIPTION
Extent xiv, 403 pages ;
Dimensions 26cm.
504 ## - BIBLIOGRAPHY, ETC. NOTE
Bibliography, etc Includes bibliographical references.<br/>
650 ## - SUBJECT ADDED ENTRY--TOPICAL TERM
Topical term or geographic name as entry element Labor relations –Philippines.
650 ## - SUBJECT ADDED ENTRY--TOPICAL TERM
Topical term or geographic name as entry element Industrial relations.
700 ## - ADDED ENTRY--PERSONAL NAME
Personal name Ducut, Rodolfo Lapaz
942 ## - ADDED ENTRY ELEMENTS (KOHA)
Source of classification or shelving scheme Library of Congress Classification
Koha item type Books
Holdings
Withdrawn status Lost status Source of classification or shelving scheme Damaged status Home library Current library Shelving location Date acquired Source of acquisition Sub Shelving location Total Checkouts Full call number Barcode Date last seen Price effective from Koha item type
    Library of Congress Classification   College Library College Library Filipiniana Section 05/07/2025 Library Fund     HD 6971 .Se487 2023 C24585 05/07/2025 05/07/2025 Books
    Library of Congress Classification   College Library College Library Filipiniana Section 05/07/2025 Library Fund     HD 6971 .Se487 2023 C24584 05/07/2025 05/07/2025 Books
    Library of Congress Classification   College Library College Library Filipiniana Section 05/07/2025 Library Fund     HD 6971 .Se487 2023 C24583 05/07/2025 05/07/2025 Books

Labor relations management and negotiations

APA

Serrano A. O. C., Ducut, . (2023). Labor relations management and negotiations. Manila: Unlimited Books Library Services & Publishing Inc.

Chicago

Serrano Angelita Ong Camillar, Ducut, . 2023. Labor relations management and negotiations. Manila: Unlimited Books Library Services & Publishing Inc.

Harvard

Serrano A. O. C., Ducut, . (2023). Labor relations management and negotiations. Manila: Unlimited Books Library Services & Publishing Inc.

MLA

Serrano Angelita Ong Camillar, Ducut, . Labor relations management and negotiations. Manila: Unlimited Books Library Services & Publishing Inc. 2023.

  • Place hold
  • Print
  • Cite
  • Add to your cart (remove)
  • Save record
    BIBTEX Dublin Core MARCXML MARC (non-Unicode/MARC-8) MARC (Unicode/UTF-8) MARC (Unicode/UTF-8, Standard) MODS (XML) RIS
  • More searches
    Search for this title in:
    Other Libraries (WorldCat) Other Databases (Google Scholar) Online Stores (Bookfinder.com) Open Library (openlibrary.org)

Exporting to Dublin Core...

SOUTHVILLE LIBRARY

Southville International School and Colleges Library

1281 Tropical Ave. Cor. Luxembourg St., BF Homes International, Las Pinas City

Tel. No. 8256374 / 252358 Loc. 117/146

Powered by Koha